उध्योगएवं रोजगार तथा बैंक सहायता / (Record no. 121841)

MARC details
000 -LEADER
fixed length control field 00945nam a22002417a 4500
005 - DATE AND TIME OF LATEST TRANSACTION
control field 20170124103221.0
010 ## - LIBRARY OF CONGRESS CONTROL NUMBER
LC control number B-013981
020 ## - INTERNATIONAL STANDARD BOOK NUMBER
Terms of availability 00.00
035 ## - SYSTEM CONTROL NUMBER
System control number B-013981
037 ## - SOURCE OF ACQUISITION
Source of stock number/acquisition Cen Lib/Ret
040 ## - CATALOGING SOURCE
Original cataloging agency DPL
Language of cataloging HN
082 ## - DEWEY DECIMAL CLASSIFICATION NUMBER
Classification number 331.70
Item number नोटिया
100 ## - MAIN ENTRY--PERSONAL NAME
Personal name नोटियाल, ज. प्र.
9 (RLIN) 101311
245 ## - TITLE STATEMENT
Title उध्योगएवं रोजगार तथा बैंक सहायता /
Statement of responsibility, etc ज. प्र. नोटियाल
246 ## - VARYING FORM OF TITLE
Title proper/short title Udhyog evam rojgar tatha bank sahayta
Remainder of title by J.Pra. Notiyal
260 ## - PUBLICATION, DISTRIBUTION, ETC. (IMPRINT)
Name of publisher, distributor, etc
300 ## - PHYSICAL DESCRIPTION
Extent 176पृष्ठ.
Dimensions 20सेमी(सजिल्द)
650 ## - SUBJECT ADDED ENTRY--TOPICAL TERM
Topical term or geographic name as entry element लेबर अर्थशास्त्र
9 (RLIN) 101312
650 ## - SUBJECT ADDED ENTRY--TOPICAL TERM
Topical term or geographic name as entry element प्रधानमंत्री रोजगार योजना
9 (RLIN) 84725
650 ## - SUBJECT ADDED ENTRY--TOPICAL TERM
Topical term or geographic name as entry element Labour Economics
9 (RLIN) 2771
650 ## - SUBJECT ADDED ENTRY--TOPICAL TERM
Topical term or geographic name as entry element PMR Y New
9 (RLIN) 101313
942 ## - ADDED ENTRY ELEMENTS (KOHA)
Source of classification or shelving scheme Dewey Decimal Classification
Koha item type Hindi Books
Classification part 331.70
Call number suffix नोटिया
Holdings
Withdrawn status Lost status Damaged status Not for loan Home library Current library Date acquired Source of acquisition Cost, normal purchase price Total Checkouts Full call number Barcode Date last seen Copy number Cost, replacement price Price effective from Koha item type
        Central Library Central Library 13/10/2015 Cen Lib/Ret 0.00   331.70 नोटिया B-013981 13/10/2015 1 0.00 13/10/2015 Hindi Books

© Delhi Public Library
Hit Counter
free hit counter